banner koha

Avaliação nutricional do resíduo desidratado de cervejaria para coelhos em crescimento (Registro n. 330246)

MARC details
000 -LÍDER
fixed length control field 05141nab a2200361 i 4500
003 - CÓDIGO MARC DA AGÊNCIA CATALOGADORA
Campo de controle BR-BrBNA
005 - DATA E HORA DA ÚLTIMA ATUALIZAÇÃO
Campo de controle 20250306162244.0
008 - CAMPO DE TAMANHO FIXO
fixed length control field 250306b2016 bl.|r|pooa||| 00| 0 por |
040 ## - FONTE DA CATALOGAÇÃO
Agência catalogadora BR-BrBNA
Idioma da catalogação por
072 ## - CATEGORIA AGRIS
Código AGRIS L51
Código do objeto 5600
072 ## - CATEGORIA AGRIS
Código AGRIS L02
100 ## - ENTRADA PRINCIPAL - NOME PESSOAL
Nome pessoal Araujo, I.G.
100 ## - ENTRADA PRINCIPAL - NOME PESSOAL
Nome pessoal Scapinello, C.
100 ## - ENTRADA PRINCIPAL - NOME PESSOAL
Nome pessoal Jaruche, Y.G.
100 ## - ENTRADA PRINCIPAL - NOME PESSOAL
Nome pessoal Silva, M.U.
100 ## - ENTRADA PRINCIPAL - NOME PESSOAL
Nome pessoal Nunes, R.V.
100 ## - ENTRADA PRINCIPAL - NOME PESSOAL
Nome pessoal Oliveira, A.F.G.
100 ## - ENTRADA PRINCIPAL - NOME PESSOAL
Nome pessoal Schneiders, J.L.
100 ## - ENTRADA PRINCIPAL - NOME PESSOAL
Nome pessoal Neto, B.P.
245 ## - TÍTULO PRINCIPAL
Título principal Avaliação nutricional do resíduo desidratado de cervejaria para coelhos em crescimento
500 ## - NOTA GERAL
Nota geral <br/>Publicação online; 16 ref.; 5 tables; Summaries (En, Pt)
942 ## - ADDED ENTRY ELEMENTS (KOHA)
Koha item type Analítica
520 ## - NOTA DE RESUMO
Nota de conteúdo <br/><br/><br/>RESUMO - Foi conduzido um ensaio de digestibilidade para determinar o valor nutritivo do resíduo desidratado de cervejaria (RDC) e outro para verificar o desempenho de coelhos em crescimento alimentados com rações contendo diferentes níveis de RDC e a viabilidade econômica da utilização do RDC. No ensaio de digestibilidade, foram utilizados 20 coelhos, de ambos os sexos, da raça Nova Zelândia Branco, com idade média de 45 dias, distribuídos em delineamento experimental inteiramente ao acaso, com dois tratamentos, sendo uma dieta referência e outra dieta teste, na qual o RDC substituiu a ração referência em nível de 30%. Os coeficientes de digestibilidade aparente (CDA) da matéria seca (MS), da energia bruta (EB), da proteína bruta (PB) do RDC foram de 49,97%, 49,34%, e 71,06%, respectivamente, com valores de energia digestível (ED) e proteína digestível (PD) do RDC, com base na matéria seca, de 2330,60kcal/kg e 15,75%. No experimento de desempenho, foram avaliadas rações com níveis de inclusão de RDC de 0%, 5%, 10%, 15%, 20% e 25%. Foram utilizados 120 coelhos da raça Nova Zelândia Branco, 60 machos e 60 fêmeas, com 32 dias de idade, em delineamento experimental inteiramente ao acaso, com seis tratamentos e 10 repetições, sendo a unidade experimental constituída por dois animais. Não foram observadas diferenças no desempenho dos coelhos alimentados com ração contendo níveis crescentes de RDC, exceto para a conversão alimentar aos 70 dias, que apresentou efeito quadrático no período dos 32 aos 70 dias de idade, com a pior conversão alimentar ao nível de 16,95% de RDC. No entanto, houve redução linear nos custos com alimentação, por quilo de ganho de peso dos animais. Conclui-se que o resíduo desidratado de cervejaria apresenta CDA equivalente aos ingredientes convencionais, podendo ser incluído até o nível máximo estudado de 25% nas rações de coelhos em crescimento, sem prejudicar o desempenho.<br/><br/><br/>Palavras-chave: alimento alternativo, desempenho, digestibilidade, energia digestível
520 ## - NOTA DE RESUMO
Nota de conteúdo <br/><br/><br/>ABSTRACT - Two experiments were conducted, being a digestibility assay in order to determine the nutritive value of dehydrated diets containing different levels of DBR, and the economic viability of the use of DRC brewer residue (DBR) and other assays to verify the performance of growing rabbits fed. In the digestibility experiment, twenty White New Zealand rabbits were used, with an average age of 45 days, of both genders, distributed in a completely randomized design with four treatments, one reference diet and other test diets, in which the DBR replaced the basal diet at 30% level. The apparent digestibility coefficients (ADC) of dry matter (DM), gross energy (GE), crude protein (CP) of DBR were, respectively, 49.97%, 49.34% and 71.06%. The values of digestible energy (DE) and digestible protein (DP) of the DBR, based on dry matter, were 2330.60kcal/kg and 15.75%. In the performance experiment, diets with levels of DBR inclusion of 0%, 5%, 10%, 15%, 20% and 25% were evaluated. One hundred and twenty 32 days old New Zealand White rabbits were used, being 60 males and 60 females, distributed in a completely randomized design with six treatments and ten replicates, and the experimental unit consisted of two animals. No differences (P>0.05) were observed in the performance of rabbits fed diets containing increasing levels of dehydrated brewer residue, except for feed conversion at 70 days which presented a quadratic effect, with the worst results at the level of 16.95% of the DBR inclusion in the diet. It is concluded that the dehydrated brewer residue has good nutritional value and can be included up to the maximum level studied of 25% in the diets of growing rabbits, with no damage to its performance.<br/><br/><br/>Keywords: alternative food, performance, digestibility, digestible energy
650 ## - ASSUNTO - THESAGRO
Cabeçalho tópico ou nome geográfico COELHO
650 ## - ASSUNTO - THESAGRO
Cabeçalho tópico ou nome geográfico RAÇÃO
650 ## - ASSUNTO - THESAGRO
Cabeçalho tópico ou nome geográfico ALIMENTO ALTERNATIVO
650 ## - ASSUNTO - THESAGRO
Cabeçalho tópico ou nome geográfico VALOR NUTRITIVO
650 ## - ASSUNTO - THESAGRO
Cabeçalho tópico ou nome geográfico DIGESTIBILIDADE
773 0# - ENTRADA ANALÍTICA
Host Biblionumber 1643
Registro do item 348216
Imprenta Belo Horizonte-MG Universidade Federal de Minas Gerais - Escola de Veterinaria 1983
Outro identificador 2025-0705
Título Arquivo Brasileiro de Medicina Veterinária e Zootecnia (Brazil)
ISSN 0102-0935
Colação v. 68(6) p. 1673-1680; (2016)
Número de controle de registro BR2024004631
856 ## - ACESSO E ENDEREÇO ELETRÔNICO
Identificador uniforme de recurso - URI https://www.scielo.br/j/abmvz/a/tzCWzM9CHJKgc3NBp9FMvsc/?format=pdf&lang=pt

Nenhum exemplar disponível.

BINAGRI

Telefone: (61)3218-2567/2388/3357/2097 - binagri@agro.gov.br

Ministério da Agricultura e Pecuária , Esplanada dos Ministérios, Bloco D, Anexo B, Brasília/DF, CEP: 70.043-900